000 00799cam a2200217 4500
001 WS119182
008 020805n 000 0 eng u
035 _a(Sirsi) u119182
110 _aInstitution of Electrical Engineers
_92542
245 _aInstitution of Electrical Engineers
520 _aWeb site for this professional engineering society. Includes details of their Royal Charter and Bye-laws, links to thei onlie journal archive, standards and distance learning.
650 _aBS 7671
650 _aORGANISATION
650 _aJOURNALS
650 _aSTANDARDS
650 _aBYE-LAWS
650 _aTELECOMMUNICATIONS
690 _aMANAGEMENT-BUSINESS MANAGEMENT-PROFESSIONAL PRACTICE
856 4 0 _uhttps://www.iee.org
_zView the website free of charge at www.iee.org...
942 _n0
999 _c120133
_d120133